[Event "San Bernardino Spring op"]
[Site "San Bernardino"]
[Date "2021.05.08"]
[Round "3"]
[White "Raimondi, Francesco"]
[Black "Petrolo, Mauro"]
[Result "1/2-1/2"]
[WhiteElo "1591"]
[BlackElo "1857"]
[PlyCount "71"]
[EventDate "2021.05.07"]
[EventType "swiss"]
[EventRounds "5"]
[EventCountry "SUI"]
[SourceTitle "EXT 2022"]
[Source "ChessBase"]
[SourceDate "2021.10.06"]
[SourceVersion "1"]
[SourceVersionDate "2021.10.06"]
[SourceQuality "1"]

1. Nf3 Nf6 2. g3 g6 3. Bg2 Bg7 4. 0-0 d5 5. d4 0-0 6. c4 dxc4 7. Na3 c3 8. bxc3 c5 9. Ne5 Nfd7 10. f4 Nxe5 11. dxe5 a6 12. Rb1 Qc7 13. e4 Nc6 14. Be3 b5 15. Qe2 c4 16. Rfd1 Be6 17. Nc2 Rfd8 18. Nd4 Bc8 19. Nxc6 Rxd1+ 20. Rxd1 Qxc6 21. Rd8+ Bf8 22. f5 Bb7 23. Rxa8 Bxa8 24. Qd2 Qc8 25. g4 Bc6 26. Bh6 Qd7 27. Qxd7 Bxd7 28. Bxf8 Kxf8 29. Kf2 Ke8 30. Ke3 Kd8 31. Kd4 Kc7 32. a4 Kb6 33. Bf3 Bc6 34. f6 e6 35. g5 Be8 36. Bd1 1/2-1/2

[Event "San Bernardino Spring op"]
[Site "San Bernardino"]
[Date "2021.05.07"]
[Round "1"]
[White "Muller Moingt, Bastien"]
[Black "Petrolo, Mauro"]
[Result "0-1"]
[WhiteElo "1430"]
[BlackElo "1857"]
[PlyCount "130"]
[EventDate "2021.05.07"]
[EventType "swiss"]
[EventRounds "5"]
[EventCountry "SUI"]
[SourceTitle "EXT 2022"]
[Source "ChessBase"]
[SourceDate "2021.10.06"]
[SourceVersion "1"]
[SourceVersionDate "2021.10.06"]
[SourceQuality "1"]

1. e4 c6 2. Nc3 d5 3. Nf3 dxe4 4. Nxe4 Nf6 5. Ng3 h5 6. h3 h4 7. Ne2 Bf5 8. Nc3 e6 9. Bc4 Nbd7 10. d3 Qc7 11. Be3 Ne5 12. Nxe5 Qxe5 13. Qe2 Bb4 14. Bd2 Qxe2+ 15. Nxe2 Bxd2+ 16. Kxd2 Rd8 17. Nc3 Ke7 18. Rae1 Rd4 19. Kc1 g5 20. f3 Nh5 21. Ne2 Rd6 22. Rhf1 Nf4 23. Nxf4 gxf4 24. Re2 Rg8 25. a3 Rg5 26. Ref2 Kf6 27. Re1 Rd8 28. Ba2 Rdg8 29. Ree2 c5 30. Bc4 Bh7 31. Kd2 Re5 32. Rxe5 Kxe5 33. Re2+ Kd6 34. Rf2 Rg5 35. Re2 Bg6 36. Rf2 e5 37. Kc3 Bh5 38. Re2 f6 39. Rd2 Rg7 40. Re2 Be8 41. Bb3 Bc6 42. Rd2 b5 43. Re2 a5 44. Kd2 Rb7 45. c3 Rg7 46. Bc2 Rb7 47. Bb3 Re7 48. Ba2 b4 49. cxb4 cxb4 50. axb4 axb4 51. Bc4 Kc5 52. Re1 Rg7 53. Re2 Kd4 54. Kc2 Ba4+ 55. b3 Bc6 56. Kb2 Re7 57. Kc2 Rg7 58. Kb2 f5 59. Kc2 e4 60. fxe4 fxe4 61. Rf2 exd3+ 62. Bxd3 Rxg2 63. Re2 f3 64. Rd2 Ke3 65. Rxg2 fxg2 0-1

[Event "Lugano Special Edition op 19th"]
[Site "Lugano"]
[Date "2021.03.14"]
[Round "4"]
[White "Schmidig, Jean Claude"]
[Black "Petrolo, Mauro"]
[Result "0-1"]
[WhiteElo "1877"]
[BlackElo "1929"]
[PlyCount "82"]
[EventDate "2021.03.12"]
[EventType "swiss"]
[EventRounds "5"]
[EventCountry "SUI"]
[SourceTitle "CBM 201 Extra"]
[Source "ChessBase"]
[SourceDate "2021.05.31"]
[SourceVersion "1"]
[SourceVersionDate "2021.05.31"]
[SourceQuality "1"]

1. e4 c6 2. d3 d5 3. Nd2 e5 4. Be2 Nf6 5. Ngf3 Bd6 6. 0-0 0-0 7. b3 Bg4 8. Ne1 Be6 9. Bb2 Nbd7 10. Rc1 Qa5 11. a3 Rfe8 12. c4 dxe4 13. b4 Qd8 14. Nxe4 Nxe4 15. dxe4 Nf6 16. Qc2 Qe7 17. h3 Rad8 18. Nf3 Bc8 19. c5 Bc7 20. Rcd1 Nh5 21. Bc1 Rxd1 22. Rxd1 Nf4 23. Bc4 Qf6 24. Bxf4 Qxf4 25. Qd2 Qxd2 26. Rxd2 Kf8 27. Ng5 f6 28. Nf3 Ke7 29. Kf1 Rd8 30. Rxd8 Kxd8 31. Bg8 h6 32. Nh4 Ke7 33. Bh7 b6 34. Ke2 bxc5 35. bxc5 Ba6+ 36. Ke3 Ba5 37. Nf5+ Kf8 38. Nd6 Bc3 39. Bf5 Bd4+ 40. Kf3 Bxc5 41. Nc8 Ke8 0-1

[Event "Wohlen op 1st"]
[Site "Wohlen"]
[Date "2020.08.23"]
[Round "5"]
[White "Petrolo, Mauro"]
[Black "Brandt, Daniel"]
[Result "1/2-1/2"]
[WhiteElo "1967"]
[BlackElo "1877"]
[PlyCount "106"]
[EventDate "2020.08.21"]
[EventType "swiss"]
[EventRounds "5"]
[EventCountry "SUI"]
[SourceTitle "CBM 198 Extra"]
[Source "ChessBase"]
[SourceDate "2020.11.30"]
[SourceVersion "1"]
[SourceVersionDate "2020.11.30"]
[SourceQuality "1"]

1. e4 c5 2. c3 Nf6 3. e5 Nd5 4. d4 cxd4 5. Nf3 d6 6. cxd4 e6 7. Bc4 Be7 8. 0-0 0-0 9. Nc3 Nb6 10. Bb3 Nc6 11. Qe2 a6 12. Rd1 Na5 13. Bc2 d5 14. Qd3 g6 15. Bh6 Re8 16. b3 Nc6 17. Qe3 f6 18. Nh4 f5 19. Nf3 Bf8 20. Rac1 Qd7 21. Ne2 Bxh6 22. Qxh6 Qg7 23. Qxg7+ Kxg7 24. Bb1 Bd7 25. Rc5 Rac8 26. Rdc1 Na8 27. a3 b6 28. R5c3 Na5 29. Bd3 b5 30. Rxc8 Rxc8 31. Rxc8 Bxc8 32. b4 Nc4 33. Bxc4 dxc4 34. Nc3 Nb6 35. h4 h6 36. g3 Bb7 37. Nd2 g5 38. hxg5 hxg5 39. f4 g4 40. Kf2 Kf7 41. Ke3 Ke7 42. Ndb1 Kd7 43. Nd2 Ke7 44. Nf1 Kd7 45. Kd2 Ke7 46. Ne3 Kd7 47. Ned1 Ke7 48. Nb2 Bc6 49. Ke3 Kd7 50. Ke2 Kc7 51. Kd2 Kd7 52. Nbd1 Kc7 53. Ke3 Kd7 1/2-1/2

[Event "Wohlen op 1st"]
[Site "Wohlen"]
[Date "2020.08.22"]
[Round "3"]
[White "Petrolo, Mauro"]
[Black "Szakolczai, Peter"]
[Result "0-1"]
[WhiteElo "1967"]
[BlackElo "2158"]
[PlyCount "88"]
[EventDate "2020.08.21"]
[EventType "swiss"]
[EventRounds "5"]
[EventCountry "SUI"]
[SourceTitle "CBM 198 Extra"]
[Source "ChessBase"]
[SourceDate "2020.11.30"]
[SourceVersion "1"]
[SourceVersionDate "2020.11.30"]
[SourceQuality "1"]

1. e4 c5 2. c3 d5 3. exd5 Qxd5 4. d4 Nc6 5. Nf3 Bg4 6. Be2 cxd4 7. cxd4 e6 8. Nc3 Bb4 9. 0-0 Bxc3 10. bxc3 Nge7 11. Bb2 0-0 12. h3 Bh5 13. Qd2 b5 14. a4 a6 15. Rfc1 Na5 16. Bd1 Nc4 17. Qc2 Rfb8 18. Ba3 Nc6 19. axb5 axb5 20. Bc5 h6 21. Be2 N6a5 22. Bb4 Bg6 23. Qd1 Nb2 24. Qf1 Nb3 25. Rxa8 Rxa8 26. Re1 Be4 27. Kh1 Nc4 28. Rd1 Ra2 29. Bxc4 bxc4 30. Ne5 Nd2 31. Qg1 f6 32. Ng4 Qh5 33. Qh2 f5 34. Ne3 Kh7 35. Bf8 Qf7 36. Bb4 f4 37. Ng4 Nf3 38. Ne5 Nxe5 39. dxe5 Rxf2 40. Rg1 f3 41. Qg3 Rxg2 42. Qh4 Qg6 43. Bc5 Rxg1+ 44. Bxg1 Qg2# 0-1

[Event "Wohlen op 1st"]
[Site "Wohlen"]
[Date "2020.08.21"]
[Round "1"]
[White "Petrolo, Mauro"]
[Black "Rappazzo, Johannes"]
[Result "1-0"]
[WhiteElo "1967"]
[BlackElo "1504"]
[PlyCount "81"]
[EventDate "2020.08.21"]
[EventType "swiss"]
[EventRounds "5"]
[EventCountry "SUI"]
[SourceTitle "CBM 198 Extra"]
[Source "ChessBase"]
[SourceDate "2020.11.30"]
[SourceVersion "1"]
[SourceVersionDate "2020.11.30"]
[SourceQuality "1"]

1. e4 c5 2. c3 d6 3. d4 cxd4 4. cxd4 Nf6 5. Nc3 g6 6. Nf3 Bg7 7. Be3 Nc6 8. d5 Ne5 9. Nxe5 dxe5 10. Bb5+ Bd7 11. Bxd7+ Qxd7 12. f3 h5 13. Qb3 Bh6 14. Bxh6 Rxh6 15. Rc1 Rc8 16. 0-0 Kf8 17. Ne2 Rxc1 18. Rxc1 Kg7 19. Qc3 Qb5 20. Rc2 Nd7 21. Nc1 Qb6+ 22. Kf1 Rh8 23. Nb3 Qa6+ 24. Kf2 Qxa2 25. Nc5 Nf6 26. Qxe5 b6 27. Nd7 Qa4 28. Rc7 Rd8 29. Nxf6 exf6 30. Qc3 Rd6 31. Rc6 Rxc6 32. dxc6 Qa6 33. Qd3 b5 34. c7 Qb7 35. Qc3 Qb6+ 36. Kf1 b4 37. Qc4 Qd6 38. c8Q Qd1+ 39. Kf2 Qd2+ 40. Qe2 Qd4+ 41. Kf1 1-0

[Event "GER GM06-B email"]
[Site "GER email"]
[Date "2017.06.26"]
[Round "?"]
[White "Petrolo, Mauro"]
[Black "Bubir, Alex Nikolaevich"]
[Result "1/2-1/2"]
[WhiteElo "2560"]
[BlackElo "2536"]
[PlyCount "77"]
[EventDate "2017.??.??"]
[EventType "tourn (corr)"]
[EventRounds "13"]
[EventCountry "GER"]
[SourceTitle "Corr 2020"]
[Source "ChessBase"]
[SourceDate "2019.09.30"]
[SourceVersion "1"]
[SourceVersionDate "2019.09.30"]
[SourceQuality "1"]

1. e4 c5 2. Nf3 Nc6 3. d4 cxd4 4. Nxd4 Nf6 5. Nc3 e5 6. Ndb5 d6 7. Bg5 a6 8. Na3 b5 9. Nd5 Be7 10. Bxf6 Bxf6 11. c3 Rb8 12. Nc2 0-0 13. h4 Be7 14. Nce3 Be6 15. a4 Qd7 16. Be2 Kh8 17. b4 Bd8 18. axb5 axb5 19. h5 Ne7 20. Qd3 Qc6 21. 0-0 Bxd5 22. Nxd5 Nxd5 23. Qxd5 Qxc3 24. Qxd6 Bb6 25. h6 Kg8 26. Rad1 Bd4 27. Rd3 Qc8 28. hxg7 Re8 29. Qh6 Re6 30. Qh4 Rg6 31. Bh5 Rxg7 32. Rf3 Qd8 33. Qxd8+ Rxd8 34. Rc1 f6 35. Rxf6 Ra7 36. g3 Rf8 37. Rxf8+ Kxf8 38. Kg2 Ra2 39. Rc7 1/2-1/2

[Event "GER GM06-B email"]
[Site "GER email"]
[Date "2017.06.26"]
[Round "?"]
[White "Petrolo, Mauro"]
[Black "Goncharenko, Georgy"]
[Result "1/2-1/2"]
[WhiteElo "2560"]
[BlackElo "2493"]
[PlyCount "59"]
[EventDate "2017.??.??"]
[EventType "tourn (corr)"]
[EventRounds "13"]
[EventCountry "GER"]
[SourceTitle "Corr 2020"]
[Source "ChessBase"]
[SourceDate "2019.09.30"]
[SourceVersion "1"]
[SourceVersionDate "2019.09.30"]
[SourceQuality "1"]

1. e4 c5 2. Nf3 d6 3. d4 cxd4 4. Nxd4 Nf6 5. Nc3 a6 6. Be3 Ng4 7. Bg5 h6 8. Bh4 g5 9. Bg3 Bg7 10. h3 Ne5 11. f3 Nbc6 12. Bf2 Be6 13. Qd2 Rc8 14. 0-0-0 Nxd4 15. Bxd4 Qa5 16. a3 0-0 17. h4 g4 18. Qe3 Nc4 19. Bxc4 Rxc4 20. f4 Bxd4 21. Rxd4 Qc5 22. Rhd1 f5 23. R1d3 Rc8 24. Rxc4 Bxc4 25. Rd4 e5 26. fxe5 f4 27. Qd2 dxe5 28. Rd8+ Rxd8 29. Qxd8+ Kg7 30. Qd7+ 1/2-1/2

[Event "GER GM06-B email"]
[Site "GER email"]
[Date "2017.06.26"]
[Round "?"]
[White "Petrolo, Mauro"]
[Black "Tauber, Hans"]
[Result "0-1"]
[WhiteElo "2560"]
[BlackElo "2539"]
[PlyCount "36"]
[EventDate "2017.??.??"]
[EventType "tourn (corr)"]
[EventRounds "13"]
[EventCountry "GER"]
[SourceTitle "Corr 2020"]
[Source "ChessBase"]
[SourceDate "2019.09.30"]
[SourceVersion "1"]
[SourceVersionDate "2019.09.30"]
[SourceQuality "1"]

1. e4 e6 2. d4 d5 3. Nc3 Bb4 4. e5 c5 5. a3 Bxc3+ 6. bxc3 Qa5 7. Bd2 Qa4 8. Qb1 c4 9. Ne2 Nc6 10. g3 Bd7 11. Bh3 0-0-0 12. Nf4 h5 13. Bg2 h4 14. 0-0 Nge7 15. g4 Rdg8 16. h3 Qa5 17. Qe1 Qa4 18. Qc1 f5 0-1